| 000 | 01023nam a2200241Ii 4500 | ||
|---|---|---|---|
| 003 | JO-AjNU | ||
| 008 | 230605s9999||||xx |||||||||||||| ||und|| | ||
| 017 | _a86/3421 | ||
| 020 | _a977-103-269-0 | ||
| 040 |
_aJO-AjNU _bara _erda _cJO-AjNU |
||
| 041 | _aara | ||
| 050 | 1 | 4 | _aK5425.A226.1986 |
| 100 | 3 |
_a عبد الفتاح ، محمود سمير , _eauthor _97153 |
|
| 245 | 0 | 0 | _aالنيابة العامة وسلطاتها في إنهاء الدعوى الجنائية بدون محاكمة |
| 250 | _a(د،ط) | ||
| 264 | 3 | 1 | _aالاسكندرية : منشأة المعارف ، 1986 |
| 300 |
_a318ص _bيشتمل على ببلوغرافيا المراجع ص ( 309 - 318 ) |
||
| 336 |
_atext _btxt _2rdacontent |
||
| 337 |
_aunmediated _bn _2rdamedia |
||
| 338 |
_avolume _bnc _2rdacarrier |
||
| 490 | 0 | _aسلسلة الكتب القانونية | |
| 650 | 4 |
_aالنيابة العامة -- قوانين وتشريعات -- مصر-- الدعوى الجنائية -- قوانين وتشريعات -- مصر _97154 |
|
| 999 |
_aA134 _c3702 _d3702 |
||